Central Library OPAC University of Rajshahi

Philosophical studies / (Record no. 28794)

MARC details
000 -LEADER
fixed length control field 00661nam a2200229 a 4500
001 - CONTROL NUMBER
control field 28794
003 - CONTROL NUMBER IDENTIFIER
rucl marc code BD-RjUL
005 - DATE AND TIME OF LATEST TRANSACTION
control field 20211209051329.0
008 - FIXED-LENGTH DATA ELEMENTS--GENERAL INFORMATION
fixed length control field 140401r19601922nju 001 0 eng
035 ## - SYSTEM CONTROL NUMBER
System control number (BD-RjUL)28876
040 ## - CATALOGING SOURCE
Original cataloging agency DLC
Transcribing agency LNL
Modifying agency BD-RjUL
Language of cataloging eng
041 ## - LANGUAGE CODE
Language code of text/sound track or separate title eng
082 ## - DEWEY DECIMAL CLASSIFICATION NUMBER
Classification number 190
Author mark and year MOP 1960
Edition number 23
100 1# - MAIN ENTRY--PERSONAL NAME
Personal name Moore, G. E.
9 (RLIN) 3470
245 10 - TITLE STATEMENT
Title Philosophical studies /
Statement of responsibility, etc. G. E. Moore
260 ## - PUBLICATION, DISTRIBUTION, ETC. (IMPRINT)
Place of publication, distribution, etc. London :
Name of publisher, distributor, etc. Routledge,
Date of publication, distribution, etc. 1922 [Reprint 1960].
300 ## - PHYSICAL DESCRIPTION
Pagination 342 p.
Size 21 cm.
490 0# - SERIES STATEMENT
Series statement International library of psychology, philosophy, and scientific method
504 ## - BIBLIOGRAPHY, ETC. NOTE
Bibliography, etc Includes Index.
650 #0 - SUBJECT ADDED ENTRY--TOPICAL TERM
Topical term or geographic name as entry element Philosophy, Modern.
9 (RLIN) 88051
942 ## - ADDED ENTRY ELEMENTS (KOHA)
Source of classification or shelving scheme Dewey Decimal Classification
Koha item type Books
Holdings
Lost status Source of classification or shelving scheme Damaged status Not for loan Collection code Permanent Location Current Location Shelving location Date acquired Source of acquisition Cost, normal purchase price Total Checkouts Full call number Date last seen Date checked out Copy number Koha item type
  Dewey Decimal Classification     Non-fiction Central Library, University of Rajshahi Central Library, University of Rajshahi   19/01/1965 Zeitlinger 30.00 1 190 MOP 1960 05/02/2024 31/01/2024 C-4 Books
  Dewey Decimal Classification     Non-fiction Central Library, University of Rajshahi Central Library, University of Rajshahi   19/01/1965 Zeitlinger 30.00   190 MOP 1960 01/04/2014   C-7 Books
  Dewey Decimal Classification     Non-fiction Central Library, University of Rajshahi Central Library, University of Rajshahi   19/01/1965 Zeitlinger 30.00   190 MOP 1970 01/04/2014   C-9 Books
  Dewey Decimal Classification   Not For Loan Non-fiction Central Library, University of Rajshahi Central Library, University of Rajshahi Reading Room 11/04/1955       190 MOP 1951 24/01/2017   C-1 Books